Natural electrodynamics phenomena (Record no. 3710)

MARC details
000 -LEADER
fixed length control field 00402nam a2200157Ia 4500
003 - CONTROL NUMBER IDENTIFIER
control field IN-BaIIA
008 - FIXED-LENGTH DATA ELEMENTS--GENERAL INFORMATION
fixed length control field 211028s9999 xx 000 0 eng d
040 ## - CATALOGING SOURCE
Transcribing agency IIA Library
080 ## - UNIVERSAL DECIMAL CLASSIFICATION NUMBER
Universal Decimal Classification number 550.38
Item number BLE
100 ## - MAIN ENTRY--PERSONAL NAME
Personal name Blcil, D F
9 (RLIN) 6588
245 #0 - TITLE STATEMENT
Title Natural electrodynamics phenomena
Statement of responsibility, etc. D. F. Blcil
260 ## - PUBLICATION, DISTRIBUTION, ETC.
Place of publication, distribution, etc. New York
Name of publisher, distributor, etc. Plenum Press
Date of publication, distribution, etc. 1964
300 ## - PHYSICAL DESCRIPTION
Extent vii, 470p.
650 ## - SUBJECT ADDED ENTRY--TOPICAL TERM
Topical term or geographic name entry element Phenomena
9 (RLIN) 1772
942 ## - ADDED ENTRY ELEMENTS (KOHA)
Koha item type Books
Holdings
Withdrawn status Lost status Damaged status Not for loan Home library Current library Shelving location Date acquired Cost, normal purchase price Total Checkouts Full call number Barcode Date last seen Cost, replacement price Price effective from Koha item type Purchase Price
        IIA Library-Bangalore IIA Library-Kodaikanal General Stacks 10/02/1971 183.75   550.38/ BLE 4137 05/11/2021 183.75 10/02/1971 Books Rs. 183.75

Powered by Koha